Mina Do Condomínio - Seu Jorge - Statistics

Estatísticas Gerais
  • Esse quiz foi jogado 40 vezes
    16 desde o último reset
  • A pontuação média é 129 de 158
Estatísticas das Respostas
Letra % Correto
e
100%
ela
100%
minha
100%
apavora
90%
aquela
90%
bairro
90%
cabelo
90%
condomínio
90%
do
90%
eu
90%
90%
liga
90%
maneira
90%
mas
90%
me
90%
mina
90%
moro
90%
na
90%
namora
90%
namorando
90%
não
90%
no
90%
o
90%
olhar
90%
onde
90%
perdi
90%
se
90%
sei
90%
seu
90%
sua
90%
90%
vou
90%
alucina
80%
boca
80%
bom
80%
calçada
80%
deusa
80%
dia
80%
dou
80%
fico
80%
for
80%
ilumina
80%
nada
80%
namorada
80%
nem
80%
paraíso
80%
passa
80%
pois
80%
preciso
80%
que
80%
sorriso
80%
80%
voltar
80%
voz
80%
amiga
70%
devora
70%
digo
70%
encontrar
70%
fascínio
70%
gata
70%
meu
70%
Monalisa
70%
mostre
70%
oi
70%
quero
70%
sina
70%
beijo
60%
chega
60%
faço
60%
ignora
60%
mando
60%
musa
60%
nega
60%
olho
60%
pega
60%
pisco
60%
tudo
60%
um
60%
charme
50%
jogo
50%
50%
paro
50%
pose
50%
todo
50%
vem
50%
Vênus
50%
vida
50%
vindo
50%
chego
40%
figa
40%
fora
40%
junto
40%
sai
40%
escrevo
30%
Nenhum quiz correspondente encontrado
Distribuição das Pontuações
Porcentagem de Pessoas com Cada Pontuação
Percentil de Números Respondidos
Sua Pontuação Histórica
Você não jogou esse quiz desde o último reset